Gaming Quiz

Random Gaming or Console Quiz
Score 0/25 Timer 07:00
8 Plays Today
% Correct
Super Mario 64
96.9%
Tomb Raider
94.5%
Crash Tag Team Racing
86.3%
Metroid
80.3%
Pokémon Red and Blue
71.9%
Street Fighter V
71.6%
Portal 2
71%
Mortal Kombat X
68.6%
Grand Slam Tennis
68%
Mass Effect 3
65.5%
Final Fantasy VII
61.9%
Resident Evil 5
60.4%
Assassin's Creed: Brotherhood
57.9%
% Correct
The Last of Us
50.5%
The Walking Dead: Season 2
50.3%
WWF SmackDown!
42.1%
GoldenEye 007
40.8%
Half-Life 2
38.2%
Mirror's Edge
33.5%
Chrono Trigger
32.4%
Beyond Good & Evil
31.8%
Metal Gear Solid: The Twin Snakes
29.2%
Tekken 6
29%
Dead or Alive 5
29%
Diablo III
22%
Remove Ads.
Support Sporcle.
Get the best of Sporcle when you Go Orange. This ad-free experience offers more features, more stats, and more fun while also helping to support Sporcle. Thank you for becoming a member.

You're not logged in!

Compare scores with friends on all Sporcle quizzes.
OR
Log In

Sporcle TV

Today on Sporcle TV


Watch our educational content, quiz creation guides, and fun videos on Sporcle TV.

Show Comments

Extras

Top Quizzes Today


Score Distribution

Paid Content

Your Account Isn't Verified!

In order to create a playlist on Sporcle, you need to verify the email address you used during registration. Go to your Sporcle Settings to finish the process.

Report this User

Report this user for behavior that violates our Community Guidelines.

Details: